| 000 -LEADER |
| fixed length control field |
00661nam a22002655i 4500 |
| 001 - CONTROL NUMBER |
| control field |
19899314 |
| 005 - DATE AND TIME OF LATEST TRANSACTION |
| control field |
20180112065741.0 |
| 008 - FIXED-LENGTH DATA ELEMENTS--GENERAL INFORMATION |
| fixed length control field |
170811s2017 mau 000 0 eng |
| 010 ## - LIBRARY OF CONGRESS CONTROL NUMBER |
| LC control number |
2017952219 |
| 020 ## - INTERNATIONAL STANDARD BOOK NUMBER |
| International Standard Book Number |
003342643 |
| 020 ## - INTERNATIONAL STANDARD BOOK NUMBER |
| International Standard Book Number |
9781337392945 (alk. paper) |
| 020 ## - INTERNATIONAL STANDARD BOOK NUMBER |
| International Standard Book Number |
9781337392952 (alk. paper) |
| 040 ## - CATALOGING SOURCE |
| Original cataloging agency |
DLC |
| Language of cataloging |
eng |
| Description conventions |
rda |
| Transcribing agency |
DLC |
| 041 ## - LANGUAGE CODE |
| Language code of text/sound track or separate title |
eng |
| 042 ## - AUTHENTICATION CODE |
| Authentication code |
pcc |
| 080 ## - UNIVERSAL DECIMAL CLASSIFICATION NUMBER |
| Universal Decimal Classification number |
573 |
| 082 ## - DEWEY DECIMAL CLASSIFICATION NUMBER |
| Edition number |
573 SOL |
| 100 1# - Rafti |
| Rafti |
11 |
| 101 ## - Shkurtesa |
| Shkurtesa |
BIO |
| 245 10 - TITLE STATEMENT |
| Title |
Biology / |
| Statement of responsibility, etc |
Eldra P. Solomon, Charles E. Martin, Berg. |
| 263 ## - PROJECTED PUBLICATION DATE |
| Projected publication date |
1711 |
| 906 ## - LOCAL DATA ELEMENT F, LDF (RLIN) |
| a |
0 |
| b |
ibc |
| c |
orignew |
| d |
2 |
| e |
epcn |
| f |
20 |
| g |
y-gencatlg |
| 942 ## - ADDED ENTRY ELEMENTS (KOHA) |
| Source of classification or shelving scheme |
|
| Item type |
Books |